| 000 | 01101nam a2200277 a 4500 | ||
|---|---|---|---|
| 001 | 000016881 | ||
| 005 | 20200929164958.0 | ||
| 008 | 100312s2005 dr ab 000 0 spa d | ||
| 020 | _a9945851314 | ||
| 040 |
_aDO-SdBNP _bspa _cBNPHU |
||
| 082 |
_a737.497293 _bP962h |
||
| 100 | 1 |
_aProber, Kurt _937361 |
|
| 245 | 1 | 0 |
_aHistoria numismática de la República Dominicana / _cKurt Prober ; supervisión de la edición Sócrates Olivo Álvarez ; cuidado de edición Mario Suárez ; traducción del portugués Octavio Amiama de Castro ; introducción Marino Mella. |
| 250 | _a2a ed. | ||
| 260 |
_aSanto Domingo : _bSociedad Dominicana de Bibliófilos, _c2005. |
||
| 300 |
_a130 p. : _bil., map. |
||
| 490 | 1 | _aBibliófilos 2000 | |
| 504 | _aIncluye referencias bibliográficas y notas al pie de las páginas | ||
| 650 | 4 |
_aNumismatica _zRepública Dominicana _97016 |
|
| 700 | 1 |
_aOlivo Álvarez, Sócrates _91042 |
|
| 700 | 1 |
_aSuárez, Mario _eed. _91043 |
|
| 700 | 1 |
_aAmiama de Castro, Octavio _etr. _934334 |
|
| 700 | 1 |
_aMella, Marino _937362 |
|
| 830 | 0 |
_aBibliófilos 2000 _91044 |
|
| 049 | _aBNPD | ||
| 999 |
_c16413 _d16413 |
||